000 00266nam a2200097Ia 4500
008 120527s9999 xx 000 0 und d
100 _aGreer,A.
245 _aMathematics for technicians level II electrical engineering maths.
260 _bStanley thomas
942 _cBK
999 _c22321
_d22321